02028nam a2200517 i 450000100060000000300020000600500170000800600190002500700150004400800410005902000180010002000270011803500230014503500240016803500250019203500210021704000310023805000250026908000080029408200190030210000340032124501510035526400640050630000410057033600310061133700330064233800430067549000370071850000230075550400290077858801270080759001590093465000260109365000340111965000330115365000370118665000310122365000330125465500270128771000490131479700190136383000380138285600620142094200110148299900170149375880020241217151240.0m o d | cr cnu||||||||160114s1999 mx ob 001 0 spa d z9789688429587 a9781512918489 (e-book) a(MiAaPQ)EBC4184726 a(Au-PeEL)EBL4184726 a(CaPaEBR)ebr11126963 a(OCoLC)949163485 aFINmELBbspaerdacFINmELB 4aHD5731.A6bC965 1999 a3310 a331.1209722231 aCueva Luna, Teresa Elizabeth.10aProcesos de insercion laboral de jovenes tecnicos en la frontera norte de Mexico :bel caso de Reynosa, Tamaulipas /cTeresa Elizabeth Cueva Luna. 1aMéxico D.F. :bEditorial Miguel Ángel Porrúa,c[1999] a1 recurso en línea (149 páginas) atextobtxt2rdacontent/spa acomputadorabc2rdamedia/spa arecurso en líneabcr2rdacarrier/spa1 aProblemas educativos de México aContiene índice. aContiene bibliografía. aDescripción basada en recurso en línea; Título de la página del título en PDF (e-libro, visto January 14, 2016). aRecurso electronico. Santa Fe, Arg. : e-libro, 2016. Disponible via World Wide Web. El acceso puede ser limitado para las bibliotecas afiliadas a e-libro. 0aLabor marketzMexico. 4aMercado de trabajozMéxico. 0aTechnical educationzMexico. 4aEducación técnicazMéxico. 0aYouthxEmploymentzMexico. 4aJóvenesxEmpleozMéxico. 4aLibros electrónicos.2 aConsejo Tamaulipeco de Ciencia y Tecnologia.2 ae-libro, Corp. 0aProblemas educativos de México.40uhttps://elibro.net/ereader/politecnicointernacional/73098 cLIBROS c75880d75880